[Event "GER-chT U18 Girls"]
[Site "Germany"]
[Date "2012.05.06"]
[Round "7.3"]
[White "Fuehrer, Anne"]
[Black "Riederer, Jana"]
[Result "1-0"]
[WhiteElo "800"]
[BlackElo "800"]
[PlyCount "75"]
[EventDate "2012.05.04"]
[EventType "team-swiss"]
[EventRounds "7"]
[EventCountry "GER"]
[SourceTitle "EXT 2014"]
[Source "ChessBase"]
[SourceDate "2013.11.20"]
[SourceVersion "1"]
[SourceVersionDate "2013.11.20"]
[SourceQuality "1"]
[WhiteTeam "Broderstorf SadC (W)"]
[BlackTeam "Viernheim (W)"]
[WhiteTeamCountry "GER"]
[BlackTeamCountry "GER"]

1. e4 e5 2. Nf3 Nc6 3. Nc3 Nf6 4. Bc4 Bb4 5. Bb5 d6 6. d3 0-0 7. 0-0 Bxc3 8. bxc3 h6 9. a4 a6 10. Bc4 d5 11. Bb3 b6 12. exd5 Nxd5 13. c4 Nc3 14. Qd2 Bb7 15. Qxc3 Nd4 16. Nxd4 exd4 17. Qe1 Qf6 18. f3 Rfe8 19. Qg3 Re2 20. Rf2 Rae8 21. Rf1 R8e5 22. Bf4 Rf5 23. Bxc7 Re3 24. a5 g5 25. Rfe1 Bxf3 26. axb6 Qe6 27. Rf1 Bb7 28. c5 Rxc5 29. Bxe6 Rxc2 30. Bb3 Bxg2 31. Bxc2 Rxg3 32. Bxg3 Bxf1 33. Kxf1 Kg7 34. Rxa6 f6 35. h4 Kg6 36. b7 h5 37. b8Q g4 38. Kg1 1-0